书目信息 |
| 题名: |
中国穴位灸疗大全
|
|
| 作者: | 温木生 主编 | |
| 分册: | ||
| 出版信息: | 赤峰 内蒙古科学技术出版社 2020.2 |
|
| 页数: | 852页 | |
| 开本: | 26cm | |
| 丛书名: | ||
| 单 册: | ||
| 中图分类: | R224.2 | |
| 科图分类: | ||
| 主题词: | 针灸疗法--穴位 | |
| 电子资源: | ||
| ISBN: | 978-7-5380-2665-8 | |
| 000 | 01048nam0 2200241 45 | |
| 001 | 012001002258 | |
| 005 | 20140913153224.0 | |
| 010 | @a978-7-5380-2665-8@b精装@dCNY198.00 | |
| 096 | @aR224@bwms | |
| 100 | @a20170310d2016 em y0chiy50 ea | |
| 101 | 0 | @achi |
| 102 | @aCN@b150000 | |
| 105 | @aa z 000yy | |
| 106 | @ar | |
| 200 | 1 | @a中国穴位灸疗大全@Azhong guo xue wei jiu liao da quan@f温木生主编 |
| 210 | @a赤峰@c内蒙古科学技术出版社@d2020.2 | |
| 215 | @a852页@c图@d26cm | |
| 330 | @a本书上篇为总论,介绍了穴位灸疗的相关理论和操作基础,如源流与发展、治疗机理、特点与作用、热证可灸论、灸法分类、材料及制作、常用灸法、意外与反应、提高疗效的因素、适应证及注意事项、常用腧穴等。下篇为各论,主要介绍传染科、内科、外科、妇科、儿科、皮肤科和五官科237种疾病的灸疗方法,共1185个处方,每种疾病均按病因病理、诊断要点、治疗方法、治疗效果、处方荟萃及按语等作了详尽介绍。 | |
| 606 | 0 | @a针灸疗法@x穴位 |
| 690 | @aR224.2@v5 | |
| 701 | 0 | @a温木生@Awen mu sheng@f(1956.3 )@4主编 |
| 801 | 0 | @aCN@bBJSDL@c20211011 |
| 905 | @b1339035-7@dR224.2@e590@f3 | |
| 中国穴位灸疗大全/温木生主编.-赤峰:内蒙古科学技术出版社,2020.2 |
| 852页:图;26cm |
| ISBN 978-7-5380-2665-8(精装):CNY198.00 |
| 本书上篇为总论,介绍了穴位灸疗的相关理论和操作基础,如源流与发展、治疗机理、特点与作用、热证可灸论、灸法分类、材料及制作、常用灸法、意外与反应、提高疗效的因素、适应证及注意事项、常用腧穴等。下篇为各论,主要介绍传染科、内科、外科、妇科、儿科、皮肤科和五官科237种疾病的灸疗方法,共1185个处方,每种疾病均按病因病理、诊断要点、治疗方法、治疗效果、处方荟萃及按语等作了详尽介绍。 |
| ● |
| 相关链接 |
|
|
|
|
正题名:中国穴位灸疗大全
索取号:R224.2/590
 
预约/预借
| 序号 | 登录号 | 条形码 | 馆藏地/架位号 | 状态 | 备注 |
| 1 | 1339035 | 213390356 | 第二样本阅览室/ [索取号:R224.2/590] | 在馆 | |
| 2 | 1339036 | 213390365 | 第三借阅区/ [索取号:R224.2/590] | 在馆 | |
| 3 | 1339037 | 213390374 | 第三借阅区/ [索取号:R224.2/590] | 在馆 |